Bloodborne Bosses (Anglais) - Statistiques

Statistiques générales
  • Ce quiz a été pris 15 fois
  • Le résultat moyen est 8 sur 23
Statistiques - réponses
Réponse % Correct
Father Gascoigne
100%
Cleric Beast
77%
Vicar Amelia
69%
Amygdala
62%
Blood-starved Beast
54%
Orphan of Kos
54%
Ludwig, the Holy Blade
46%
Rom, the Vacuous Spider
46%
Darkbeast Paarl
38%
Mergo's Wet Nurse
38%
Shadow of Yharnam
38%
Celestial Emissary
31%
Lady Maria of the Astral Clocktower
31%
Moon Presence
31%
Living Failures
23%
Micolash, Host of the Nightmare
23%
One Reborn
23%
Laurence, the First Vicar
15%
Martyr Logarius
15%
Witch of Hemwick
15%
Gehrman, the First Hunter
8%
Yharnam, Phtumerian Queen
8%
Ebrietas, Daughter of the Cosmos
0%
Aucun quiz correspondant
Distribution des résultats
% des personnes avec chaque résultat
Percentile par nombre de réponses
Votre historique - résultats
Vous n’avez pas pris ce quiz